00330pab a2200133 454500008004000000100001600040245006700056260000900123300001300132362000800145650001900153650001200172773001200184180718b2017 xxu||||| |||| 00| 0 eng d aSanthosh S. aDalitization of politics and the suicide note of Rohith Vemula c2017 ap.56-61. aMar aVemula, Rohith aSuicide aSeminar